| 000 | 00466nam a2200181 a 4500 | ||
|---|---|---|---|
| 001 | 5395 | ||
| 003 | CO-ViMGA | ||
| 008 | 141112s2004 ck r 000 u spa d | ||
| 040 |
_aCO-ViMGA _bspa _cCO-ViMGA |
||
| 082 | 0 | 4 | _a862.4 F375 |
| 100 | 1 |
_aFernández de Moratin, Leandro _96893 |
|
| 245 | 1 | 0 | _aEl si de las niñas |
| 250 | _a4a | ||
| 260 |
_aSantafé de Bogotá : _bPanAméricana, _c1994 |
||
| 300 | _a90 p | ||
| 650 | 1 | 4 |
_aTEATRO ESPAÑOL _94019 |
| 942 |
_2ddc _cBK |
||
| 999 |
_c17386 _d17386 |
||